Statistics for Irish Nouns

Click here to take the quiz!

General Stats

  • This quiz has been taken 24 times
  • The average score is 13 of 36

Answer Stats

HintAnswer% Correct
morningmaidin
88%
TreeCrann
75%
farmfeirm
75%
nightoíche
75%
FlowerBláth
63%
hillcnoc
63%
farmerfeirmeoir
63%
skySpéir
63%
beachtrá
63%
bridgedroichead
50%
GrassFéar
50%
sunGrian
50%
firetine
50%
riverabhainn
38%
volcanobolcán
38%
valleygleann
38%
lakeLoch
38%
islandoileán
38%
cloudscamall
38%
mountainsliabh
38%
oceanaigéan
25%
animalAinmhí
25%
waterfalleas
25%
moonGealach
25%
electricityleictreachas
25%
caveuaimh
25%
forestForaois
13%
bogportach
13%
ladtalamh
13%
woodadhmaid
0%
smokedeatach
0%
leafduilleog
0%
sandgaineamh
0%
noonmeán lae
0%
meadowmóinéar
0%
Marshriasc
0%

Score Distribution

Percentile by Number Answered

Percent of People with Each Score

Your Score History

You have not taken this quiz